Welcome to the Holygrace Academy Library

Please use search bar below to get started

THE BABYSITTERS CLUB (Record no. 482)

MARC details
000 -LEADER
fixed length control field 00490nam a22001457a 4500
020 ## - INTERNATIONAL STANDARD BOOK NUMBER
ISBN 0-590-44970-2
082 ## - DEWEY DECIMAL CLASSIFICATION NUMBER
Classification number 823
Item number MAR/C
100 ## - MAIN ENTRY--AUTHOR NAME
Personal name ANN M MARTIN
245 ## - TITLE STATEMENT
Title THE BABYSITTERS CLUB
Remainder of title CLAUDIA AND THE GENIUS OF ELM STREET
260 ## - PUBLICATION, DISTRIBUTION, ETC. (IMPRINT)
Place of publication USA
Name of publisher SCHOLASTIC INC
Year of publication 1991
300 ## - PHYSICAL DESCRIPTION
Number of Pages 145
520 ## - SUMMARY, ETC.
Summary, etc THE BABYSITTERS THINK THAT ROSIE NEEDS TO BE TAUGHT A GOOD LESSON. BUT WHAT ROSIE REALLY NEEDS IS A GOOD FRIEND...LIKE CLAUDIA.
650 ## - SUBJECT ADDED ENTRY--TOPICAL TERM
Topical Term CLAUDIA AND THE GENIUS OF ELM STREET
942 ## - ADDED ENTRY ELEMENTS (KOHA)
Koha item type Books
Holdings
Withdrawn status Lost status Collection code Home library Current library Shelving location Date acquired Source of acquisition Full call number Accession Number Koha item type
    Fiction Main Library Main Library On Display 25/09/2012 purchase 823 MAR/C 05684 Books